Responses for Show #7054 - Thursday, April 23, 2015

Greg Seroka game 1.

Contestants

[<< previous game]

Greg Seroka, a chef from Steamboat Springs, Colorado

Ellen Burgett, a technical writer from Brighton, Michigan

Michael Brady, a user experience designer from Norwood, Massachusetts (whose 2-day cash winnings total $33,602)

[next game >>]

Jeopardy! Round responses

IN THE PANTHEON
AIRPORTS
PLEASED TO MEAT YOU
SCIENCE TERMS IN FRENCH
(Alex: En français.)
5-LETTER "W"ORDS
I'M ALL ABOUT THAT BASSIST
    $200 21
Poseidon

Ellen
    $200 8
Heathrow

Michael
    $200 2
a kangaroo

Michael
    $200 17
the nucleus

Greg
    $200 16
waded

Greg
    $200 10
Sting

Michael
    $400 22
Aphrodite

Greg
    $400 26
Atlanta

Ellen
    $400 4
Spam

Greg
    $400 18
a burner

Greg
    $400 3
wares

Greg
    $400 9
(Paul) McCartney

Michael
    $600 23
Apollo

Greg
    $600 27
Sky Harbor

Greg
    $600 5
a corn dog

Ellen
    $600 19
lead

Ellen
    $600 15
(Alex: It sounds like I'm making fun of you, I know. I'm just enjoying the accent.)
(Michael: I'm used to it.)
(Alex: I'm enjoying it.)

wharf

Michael
    $600 11
Sid Vicious

Michael
    $800 24
Vulcan

Greg
    $800 28
Tel Aviv

Michael
    $800 6
scrapple

Greg
    $2,200 20
(Ellen: What is a chemical reaction?)

a bond

Ellen
    $800 14
whelp

Greg
    $800 1
Spinal Tap

Greg
    $1000 25
Demeter

Michael
    $1000 29
Narita

Greg
    $1000 7
mutton

Ellen
    $1000 30
a battery

Greg
    $1000 13
(Michael: What is writhe?)

wince

MichaelGreg
    $1000 12
John Paul Jones

Michael

Scores at the first commercial break (after clue 15):

Michael Ellen Greg
$2,200 $1,600 $4,200

Scores at the end of the Jeopardy! Round:

Michael Ellen Greg
$4,000 $600 $9,400

Double Jeopardy! Round responses

IN THE PANTHEON
(Alex: Once again, you are [*], but this time, each correct response will be made up of letters in the word "pantheon" itself.)
THE CALENDAR
MOVIE & TV TERMS
BOLIVIA YOU ME
NONFICTION
THE LAST TIME THE CUBS WON THE WORLD SERIES
(Alex: No one is alive to remember that, I think.)
    $400 26
phone

Greg
    $400 21
7

Triple Stumper
    $400 1
panorama

Greg
    $400 16
Catholicism

Greg
    $400 7
Jackie Kennedy Onassis

Ellen
    $400 10
the Eiffel Tower

Michael
    $800 27
the tape

Michael
    $800 22
Monday

Michael
    $800 2
typecasting

Greg
    $800 17
Lake Titicaca

Michael
    $800 6
Chicken Soup

Michael
    $800 12
Taft

Greg
    $1200 28
(Michael: What is a... thug?)

a peon

MichaelEllen
    $1,500 23
the Mayans

Michael
    $1200 3
(Greg: What is [*] theory?)

auteur

Greg
    $1200 18
coca

Greg
    $1200 8
Patton

Ellen
    $1200 13
the Ottoman Empire

Greg
    $1600 30
thane

Michael
    $1600 24
Purim

Triple Stumper
    $1600 4
(Greg: What is multi-camera?)

single-camera

MichaelGreg
    $1600 19
Sucre

Michael
    $1600 9
(Betty) Friedan

Greg
    $1600 14
(Alex: That's one of them. Yes.)

Packard

Greg
    $2000 29
(Ellen: What's a tendon?)
...
(Alex: Oh, Ellen, you were so close.)

a tenon

Ellen
Triple Stumper
    $2000 25
Germinal

Triple Stumper
    $2000 5
(Ellen: What is zoom?)

iris

Ellen
Triple Stumper
    $2000 20
(Ellen: What's a phoenix?)

an Andean Condor

Ellen
Triple Stumper
    $2,000 11
(Michael: What is The Greatest Generation?)
(Alex: No. Carl Karcher is the founder of Carl's Jr., and the book is [*].)

Fast Food Nation

Michael
    $2000 15
E.M. Forster

Michael

Scores at the end of the Double Jeopardy! Round:

Michael Ellen Greg
$12,700 -$2,600 $17,400

[wagering suggestions for these scores]

Final Jeopardy! Round responses

ART IN THE CITY
(Alex: [To Michael] "The Pied Piper of [*]".)
MichaelWhat is Hamlin?
$1,000
GregWhat is Hamelin
$8,001
Hamelin

Final scores:

Michael Ellen Greg
$13,700 -$2,600 $25,401
2nd place: $2,000 3rd place: $1,000 New champion: $25,401

Game dynamics:

Coryat scores:

Michael Ellen Greg
$14,400 -$400 $17,400
19 R
(including 1 DD),
3 W
(including 1 DD)
8 R,
4 W
(including 1 DD)
25 R,
1 W

Combined Coryat: $31,400

[game clues] [game scores] [suggest correction]

Game tape date: Unknown
The J! Archive is created by fans, for fans. Scraping, republication, monetization, and malicious use prohibited; this site may use cookies and collect identifying information. See terms. The Jeopardy! game show and all elements thereof, including but not limited to copyright and trademark thereto, are the property of Jeopardy Productions, Inc. and are protected under law. This website is not affiliated with, sponsored by, or operated by Jeopardy Productions, Inc. Join the discussion at JBoard.tv.